[Event "Winter Chess Classic-A 2019"]
[Site "Saint Louis"]
[Date "2019.11.18"]
[Round "9.5"]
[White "Oparin, Grigoriy"]
[Black "Xiong, Jeffery"]
[Result "1/2-1/2"]
[WhiteElo "2657"]
[BlackElo "2712"]
[Annotator "TA"]
[PlyCount "76"]
[EventDate "2019.11.10"]
[EventType "tourn"]
[EventCountry "USA"]
[SourceTitle "playchess.com"]
[Source "ChessBase"]
[SourceQuality "1"]

{[%evp 13,76,15,13,18,14,0,0,0,0,-5,0,-21,0,11,9,11,16,16,10,11,19,14,7,13,10,0,17,24,25,0,0,0,21,-10,-8,-8,-5,0,-2,-12,0,0,20,22,20,20,20,20,20,20,23,17,18,18,18,14,21,14,21,14,22,14,27,29,33]} 1. Nf3 d5 2. g3 g6 3. Bg2 Bg7 4. d4 Nf6 5. O-O O-O 6. c4 c6 7. Qa4 Nbd7 8. cxd5 {D78: Fianchetto Grünfeld: 6 0-0 c6} Nb6 9. Qb3 Qxd5 10. Qb4 {The position is equal.} (10. Qxd5 Nbxd5 11. Nbd2 a5 12. Nc4 a4 13. Rd1 Bf5 14. Bd2 Ne4 15. Be1 Nd6 {½-½ (33) Rakhmanov,A (2606)-Cheparinov,I (2670) Linares 2019}) 10... Qd6 11. Qe1 $146 ({Predecessor:} 11. Qa5 Nbd5 12. Nc3 Bf5 13. a3 Ne4 14. Nxd5 cxd5 15. Bf4 Qd8 {½-½ (50) Pogonina,N (2465)-Lagno,K (2556) Khanty-Mansiysk 2018}) 11... Bg4 12. Nbd2 Nfd7 13. a4 Bxf3 14. Nxf3 e5 15. a5 {[#] Black must now prevent dxe5.} Nd5 $1 16. dxe5 Nxe5 17. Nxe5 Qxe5 18. e4 Rfe8 19. Ra4 Rad8 20. f4 Qe7 21. Kh1 Qc5 22. Qe2 Bd4 23. Qc4 Ne3 24. Bxe3 Bxe3 25. Qxc5 Bxc5 26. Rc4 Bd4 27. e5 Re7 28. Rd1 Bb6 29. Rxd8+ Bxd8 $11 {[%mdl 4096] Endgame KRB-KRB} 30. a6 bxa6 31. Bxc6 Kg7 32. Kg2 f6 33. exf6+ Kxf6 34. Be4 Bb6 35. Kf3 Rc7 36. Bc6 Ke6 {[#] Strongly threatening ...Kd6.} 37. Re4+ Kd6 38. Ba4 Re7 {Accuracy: White = 74%, Black = 51%.} 1/2-1/2